Statistics for Countries With The Largest Income Tax

Click here to take the quiz!

General Stats

  • This quiz has been taken 20 times
  • The average score is 7 of 15

Answer Stats

Marginal Tax Rate (Lowest)Country% Correct
32.00Sweden
95%
25.00Belgium
89%
39.86Denmark
89%
36.55Netherlands
84%
23.00Italy
74%
20.00Ireland
68%
20.10Czech Republic
47%
20.00Estonia
47%
22.00Greece
42%
20.00Latvia
42%
31.20Lithuania
42%
24.40Armenia
5%
25.00Barbados
5%
33.00Eswatini
5%
20.00Georgia
5%

Score Distribution

Percentile by Number Answered

Percent of People with Each Score

Your Score History

You have not taken this quiz